Bush's brain : (Record no. 13546)
[ view plain ]
| 000 -LEADER | |
|---|---|
| fixed length control field | 00541cam a2200193 a 4500 |
| 020 ## - INTERNATIONAL STANDARD BOOK NUMBER | |
| ISBN | 0471423270 (cloth) |
| 040 ## - CATALOGING SOURCE | |
| Transcribing agency | DLC |
| 082 00 - DEWEY DECIMAL CLASSIFICATION NUMBER | |
| Classification number | 973 WIL 2003 A0101 Or. |
| 100 1# - MAIN ENTRY--AUTHOR NAME | |
| Personal name | Moore, James, |
| 245 10 - TITLE STATEMENT | |
| Title | Bush's brain : |
| Remainder of title | how Karl Rove made George W. Bush presidential / |
| 260 ## - PUBLICATION, DISTRIBUTION, ETC. (IMPRINT) | |
| Place of publication | Hoboken, N.J. : |
| Name of publisher | J. Wiley, |
| Year of publication | c2003. |
| 300 ## - PHYSICAL DESCRIPTION | |
| Number of Pages | xiii, 395 p. ; |
| Dimensions | 24 cm. |
| 650 #0 - SUBJECT ADDED ENTRY--TOPICAL TERM | |
| Topical Term | Presidents |
| 650 #0 - SUBJECT ADDED ENTRY--TOPICAL TERM | |
| Topical Term | Political campaigns |
| 650 #0 - SUBJECT ADDED ENTRY--TOPICAL TERM | |
| Topical Term | Political consultants |
| 650 #0 - SUBJECT ADDED ENTRY--TOPICAL TERM | |
| Topical Term | Presidential candidates |
| 700 1# - ADDED ENTRY--PERSONAL NAME | |
| Personal name | Wayne, Slater. |
| 942 ## - ADDED ENTRY ELEMENTS (KOHA) | |
| Koha item type | សៀវភៅភាសាអង់គ្លេស |
| 952 ## - LOCATION AND ITEM INFORMATION (KOHA) | |
| Withdrawn status [LOCAL, KOHA] | 0 |
| Permanent Location | Date acquired | Koha item type | Lost status | Shelving location | Barcode | Current Location | Full call number |
|---|---|---|---|---|---|---|---|
| Library Block A | 2017-08-28 | សៀវភៅភាសាអង់គ្លេស | A102 | A16997 | Library Block A | 973 WIL 2003 A102 Or. |